00734nam a2200217 a 4500008004100000020003000041040001500071100003900086245007200125250001900197260004500216300005900261336002600320337002800346338002700374650002600401650001400427650005700441003000100498005001700499  a9780323400701 (paperback) aNUSTcNUST1 aHolmes, Deborah Barbier.,aauthor.10aElsevier's medical assisting exam review/c Deborah Barbier Holmes. aFifth edition. aSt. Louis, Missouri :bElsevier, c2018. axi, 287 pages :billustrations (some colour) ;c28 cm. atextbtxt2rdacontent aunmediatedbn2rdamedia avolumebnc2rdacarrier 1aPhysician Assistants. aMedicine. aPractice Management, MedicalxExamination Questions.20230120204355.0